Szczegóły MARC21

Classical Fourier analysis /

003 -Nazwa inst., której nr kontr. jest w polu 001 [,]
    • @
    • Nazwa instytucji, której n kontrolny jest w polu 001
    • NUKAT
005 -DATA I CZAS OSTATNIEJ MODYFIKACJI [,]
    • @
    • pole kontrolne
    • 20241231101938.0
020 -Międzynarod. znormalizowany nr książki - ISBN [ , ]
    • a
    • Numer ISBN
    • 9780387094311 Find
020 -Międzynarod. znormalizowany nr książki - ISBN [ , ]
    • a
    • Numer ISBN
    • 9780387094328 Find
    • q
    • Dopowiedzenie
    • e-ISBN
040 -Instytucja sporządzająca opis [ , ]
    • a
    • Instytucja, która sporządziła opis (NP)
    • TOR U/MIKBu
    • c
    • Instytucja, która sporządziła rekord (NP)
    • TOR U/MIKBu
    • d
    • Instytucja, która zmodyfikowała rekord (P)
    • TOR U/LF
    • d
    • Instytucja, która zmodyfikowała rekord (P)
    • TOR U/WS
942 -Rodzaj dokumentu [ , ]
    • c
    • Rodzaj dokumentu
    • Książka
100 -Hasło główne - nazwa osobowa [1, ]
    • a
    • Nazwa osobowa (NP)
    • Grafakos, Loukas.
    • 9
    • KHW
    • 72841
245 -Strefa tytułu i oznaczenia odpowiedzialności [1,0]
    • a
    • Tytuł
    • Classical Fourier analysis / Find
    • c
    • Pozostałe elementy strefy tytułu i oznaczenia odpowiedzialności (NP)
    • Loukas Grafakos.
250 -Strefa wydania [ , ]
    • a
    • Oznaczenie wydania (NP)
    • 2nd ed.
260 -Strefa adresu wydawniczego [ , ]
    • a
    • Miejsce wydania (P)
    • New York :
    • b
    • Nazwa wydawcy (P)
    • Springer,
    • c
    • Data wydania (P)
    • cop. 2008.
300 -Strefa opisu fizycznego [ , ]
    • a
    • Określenie formy książki i/lub objętość (NP)
    • XVI, 489 s. :
    • b
    • Oznaczenie ilustracji (NP)
    • il. ;
    • c
    • Format (NP)
    • 25 cm.
336 -Typ zawartości [ , ]
    • a
    • Termin opisujący typ zawartości
    • Tekst
    • b
    • Kod określający zawartość
    • txt
    • 2
    • Źródło (terminu i kodu)
    • rdacontent
337 -Typ mediów [ , ]
    • a
    • Tryb odtwarzania
    • Bez urządzenia pośredniczącego
    • b
    • Kod typu mediów
    • n
    • 2
    • Źródło (terminu i kodu)
    • rdamedia
338 -Typ/rodzaj nośnika [ , ]
    • a
    • Hasło opisujące typ nośnika
    • Wolumin
    • b
    • Kod typu nośnika
    • nc
    • 2
    • Źródło (terminu i kodu)
    • rdacarrier
490 -Strefa serii i książki wielotomowej - forma nie do wyszukiwania [1, ]
    • a
    • Tytuł (P)
    • Graduate Texts in Mathematics, Find
    • x
    • ISSN (NP)
    • 0072-5285 ;
    • v
    • Numeracja (P)
    • 249
830 -Hasło dodatkowe serii i opisu książki wielotomowej - tytuł ujednolicony/tytuł [ ,0]
    • a
    • Tytuł ujednolicony/tytuł (NP)
    • Graduate Texts in Mathematics
    • x
    • ISSN
    • 0072-5285
    • v
    • Oznaczenie tomu (NP)
    • 249
    • 9
    • KHW
    • 1448
504 -Uwaga dot. bibliogr. załącznikowej [ , ]
    • a
    • Uwaga dot. bibliografii załącznikowej
    • Bibliogr. s. 473-483. Indeks.
530 -Uwaga dot. innej postaci fizycznej dokumentu [ , ]
    • a
    • Uwaga dot. innej postaci fizycznej dokumentu
    • Dostępne również w formie elektronicznej.
080 -Uniwersalna Klasyfikacja Dziesiętna [ , ]
    • 2
    • Identyfikator wydania tablic
    • UDC-P058
    • 9
    • UKD
    • 4062
    • a
    • Symbol klasyfikacji
    • 517.98
    • b
    • Dopowiedzenie
    • Analiza funkcjonalna. Teoria operatorów. Przestrzenie Banacha. Przestrzenie Hilberta. Transformacje Fouriera. Równania operatorowe. Teoria spektralna operatorów liniowych. Analiza harmoniczna.
    • 4
    • UKD2
    • 7644
    • x
    • Poddział wspólny
    • =111
    • c
    • Dopowiedzenie poddz. wspólnego
    • =Język angielski.
    • 4
    • UKD2
    • 85449
    • x
    • Poddział wspólny
    • (02)
    • c
    • Dopowiedzenie poddz. wspólnego
    • Książki ogólnie.
    • 4
    • UKD2
    • 21131
    • x
    • Poddział wspólny
    • (0.034.2)
    • c
    • Dopowiedzenie poddz. wspólnego
    • (Dokumenty elektroniczne, dokumenty cyfrowe).
980 -Symbol UKD [ , ]
    • a
    • UKD
    • 517.98=111(02+0.034.2)
856 -Dostęp do wersji elektronicznej [4,1]
    • z
    • Uwaga
    • Licencja krajowa
920 -ISBN [ , ]
    • a
    • ISBN
    • 978-0-387-09431-1 Find
920 -ISBN [ , ]
    • a
    • ISBN
    • 978-0-387-09432-8 Find
    • q
    • Dopowiedzenie
    • e-ISBN
Status udost. Numer inwentarzowy Lokalizacja Data inwentaryzacji Sygnatura
1N.19609BG2010-02-10N.19609